000
00334nam a2200133Ia 4500
008
240624s9999 xx 000 0 und d
041
_a
eng
082
_a
658 MAN
100
_a
MANJUNATH V S
245
_a
MANAGEMENT SCIENCE PERSPECTIVE TOWARDS I
260
_c
2011
_a
New Delhi
_b
Pearson Education
300
_a
476 : p.
365
_c
RS
999
_c
17312
_d
17312